=LDR 00000nam 2200000 4500 =001 INLIS000000000044146 =005 20131008105101 =008 ***********************************ind** =035 ##$$0010-101300000002068 =041 ##$$a ind =082 ##$$a 819.9 =090 ##$$a 819.9, SIT k =100 ##$$a Siti Maria =245 ##$$a Kepercayaan Komunitas Adat, Suku Dawan dalam Siklus Ritus Tani Lahan Kering di Kampung Maslete, Kecamatan Ketamenanu Kabupaten Timur Tengah Utara Provinsi Nusa Tenggara Timur =260 ##$$a 2006 $b Jakarta =300 ##$$a xi, 124 hlm., ilus., 22 cm =650 ##$$a Kesusasteraan Kupang =700 ##$$a Limbeng, Julianus =850 ##$$a NBPNMAT